Instruments de musique de A à Z (images). - Statistiques

Statistiques générales
  • Ce quiz a été pris 565 fois
  • Le résultat moyen est 12 sur 24
Statistiques - réponses
Par images Réponse % Correct
Batterie
99%
Accordéon
98%
Harpe
95%
Piano
95%
Violon
94%
Saxophone
89%
Cor
86%
Flûte de Pan
78%
Gong
76%
Trombone
76%
Xylophone
74%
Orgue
72%
Djembé
70%
Ukulélé
62%
Mandoline
38%
Lyre
36%
Euphone
1%
Imzad
1%
Jazzophone
1%
Nai
1%
Quinton
1%
Yehu
1%
Rabel
0%
Zhongruan
0%
Aucun quiz correspondant
Distribution des résultats
% des personnes avec chaque résultat
Percentile par nombre de réponses
Votre historique - résultats
Vous n’avez pas pris ce quiz